书目信息 |
| 题名: |
考研政治强化1200题精解
|
|
| 作者: | 恩波 著 | |
| 分册: | ||
| 出版信息: | 北京 中国水利水电出版社 2007.8 |
|
| 页数: | 206页 | |
| 开本: | 24cm | |
| 丛书名: | ||
| 单 册: | ||
| 中图分类: | D0-44 | |
| 科图分类: | ||
| 主题词: | 政治理论 | |
| 电子资源: | ||
| ISBN: | 7-5077-2362-5 | |
| 000 | 00616 nam 000229 | |
| 001 | 0100006541 | |
| 005 | 20100326164511.41 | |
| 010 | @a7-5077-2362-5@dCNY42.00 | |
| 100 | @a20090609d2007 em y0chiy0121 ea | |
| 101 | @achi | |
| 102 | @aCN | |
| 105 | @ay z 000yy | |
| 106 | @ar | |
| 200 | 10 | @a考研政治强化1200题精解@9kao yan zheng zhi qiang hua 1200 ti jing jie@f恩波著@Fen bo zhu |
| 210 | @a北京@c中国水利水电出版社@d2007.8 | |
| 215 | @a206页@d24cm | |
| 606 | @a政治理论 | |
| 690 | @aD0-44@v4 | |
| 701 | 0 | @a恩波@9en bo@4著 |
| 801 | @aCN@c20100326 | |
| 901 | @a222222 | |
| 905 | @b903148-50@dD0-44@eE046@f3 | |
| 考研政治强化1200题精解/恩波著.-北京:中国水利水电出版社,2007.8 |
| 206页;24cm |
| ISBN 7-5077-2362-5:CNY42.00 |
| ● |
| 相关链接 |
|
|
|
正题名:考研政治强化1200题精解
索取号:D0-44/E046
 
预约/预借
| 序号 | 登录号 | 条形码 | 馆藏地/架位号 | 状态 | 备注 |
| 1 | 903148 | 209031484 | 社科库509/509社科库 67排4列6层/ [索取号:D0-44/E046] | 在馆 | |
| 2 | 903149 | 209031493 | 社科库509/509社科库 67排4列6层/ [索取号:D0-44/E046] | 在馆 | |
| 3 | 903150 | 209031509 | 社科库509/509社科库 67排4列6层/ [索取号:D0-44/E046] | 在馆 |